000 00668nam a2200217Ia 4500
008 191130s2009##################000#0#eng##
020 _a9780230580886
022 _a2009044250
040 _aACL
_cACL
082 _a305 WET
245 _aTheorizing identities and social action
_cedited by Margaret Wetherell
260 _aBasingstoke, Hampshire
_bPalgrave Macmillan
_c2009
300 _axiv, 269 p. : ill. ; 23 cm.
500 _aIncludes bibliographical references and index
650 _aGroup identity
650 _aSocial interaction
700 _aWetherell, Margaret
990 _a8fa72e37ac10000c7d761e85cef32c62
991 _a202344
999 _c77275
_d77275